000 00972nam a2200229 a 4500
001 000026883
005 20200930030452.0
008 110214s1996 dr ac 000 0 spa d
040 _aDO-SdBNP
_bspa
_cBNPHU
082 _a972.9385
_bC389h, 1996
100 1 _aCedeño, Livio Mariano,
_d1953-
_946093
245 1 0 _aHistoria de la provincia La Altagracia /
_cLivio Mariano Cedeño.
250 _a2a ed.
260 _aSanto Domingo :
_bEdiciones El Cometa,
_c1996
_fEditora El Nuevo Diario
300 _a200 p. ;
_c22 cm.
651 4 _aLa Altagracia (República Dominicana{Rpara}
_xHistoria Local
_951795
651 4 _aLa Altagracia (República Dominicana{Rpara}
_xVida Social Y Costumbres
_951796
650 4 _aGobierno local
_zLa Altagracia (República Dominicana{Rpara}
_951797
651 4 _aLa Altagracia (República Dominicana{Rpara}
_xPolítica Y Gobierno
_951798
650 4 _aCiudades y pueblos
_zRepública Dominicana
_9784
910 _aValidado. Control de calidad BNPHU
999 _c26375
_d26375